000 00697cam a2200217 a 4500
001 000011679
005 20200929162527.0
008 811203s1970 sp a 000 0 spa
040 _aDO-SdBNP
_bspa
_cBNPHU
082 _a658.5421
_bR934c
100 1 _aRuiz Recio, Rafael.
_927681
245 1 0 _aCómo calcular los tiempos de trabajo /
_cRafael Ruiz Recio.
260 _aEspaña :
_bDeusto,
_c1970.
300 _a169 p. :
_bil. ;
_c22 cm.
490 1 _aManuales prácticos de gestión de empresas
_v6
490 1 _aB
650 4 _aAnálisis ocupacional
_927682
650 4 _aMedición del trabajo
_917056
830 0 _aManuales prácticos de gestión de empresas ;
_n6
_927683
830 0 _aB
_927684
999 _c11365
_d11365